000 00261nam a22001097a 4500
008 170113b xxu||||| |||| 00| 0 eng d
020 _a9780132956314
041 _aeng
080 _23RD
_a618.2
245 _aGERONTOLOGICAL NURSING
_cTABLOSKI, P.A
942 _2udc
_cBK
999 _c2883
_d2883